=LDR 00000nam 2200000 4500 =001 INLIS00000000000092 =005 20260702043538 =020 ##$$a 978-623-8397-46-4 =082 ##$$a 012.378 =100 1#$$a Osaka, Sabrina =245 1 $$a Sedikit Tapi Terbalas : Keajaiban Menjadi Pemurah /$c Sabrina Osaka =300 ##$$a 84 ; 12 x 18